Regions of Kyrgyzstan (with flags) - Statistics

General Stats
  • This quiz has been taken 39 times
  • The average score is 5 of 8
Answer Stats
Picture Answer % Correct
Bishkek
93%
Osh (city and region)
70%
Chuy
63%
Batken
59%
Naryn
56%
Issyk Kul
52%
Jalal-Abad
48%
Talas
44%
No matching quizzes found
Score Distribution
Percent of People with Each Score
Percentile by Number Answered
Your Score History
You have not taken this quiz